Statistics for Smallest Countries of the Americas

Click here to take the quiz!

General Stats

  • This quiz has been taken 127 times
  • The average score is 13 of 15

Answer Stats

Area (km2)Country% Correct
27,750Haiti
95%
750Dominica
94%
22,966Belize
92%
10,991Jamaica
92%
617Saint Lucia
92%
13,878Bahamas
91%
261Saint Kitts and Nevis
91%
5,131Trinidad and Tobago
91%
439Barbados
89%
48,442Dominican Republic
89%
440Antigua and Barbuda
88%
389Saint Vincent and the Grenadines
88%
348Grenada
82%
21,044El Salvador
80%
51,100Costa Rica
79%

Score Distribution

Percentile by Number Answered

Percent of People with Each Score

Your Score History

You have not taken this quiz